000
00303nam a22001337a 4500
008
181107b xxu||||| |||| 00| 0 eng d
020
_a
0534053769
041
_a
eng
080
_2
8 TH
_a
101
100
_a
24
101
_a
FIL
245
_a
Living Issues In Phylosophy
_c
Smith.N.T
942
_2
udc
_c
BK
999
_c
52203
_d
52203